| 000 | 00467 a2200157 4500 | ||
|---|---|---|---|
| 999 |
_c3326 _d3326 |
||
| 020 | _a9780435584665 | ||
| 050 | _aQ 390 BOO 2002 | ||
| 100 |
_aBoth, Graham _eauthor |
||
| 245 |
_aModular science for edexcel. Modules 1- 6 _cGraham Booth and McDuell |
||
| 264 |
_aOxford : _bHeinemann _c2002 |
||
| 300 |
_av, 197p. _bill. (col.) |
||
| 500 | _aIncludes index | ||
| 650 |
_aScience _xStudy and teaching (Secondary) |
||
| 700 | _aMcDuel, Bob | ||
| 942 |
_2lcc _cBK _h390 _iBOO _kQ |
||